| 000 | 00331nam a2200133 a 4500 | ||
|---|---|---|---|
| 001 | 4942 | ||
| 003 | CDMR | ||
| 005 | 20130116135302.0 | ||
| 008 | 130130s2005||||||||||||||||||||||||||||d | ||
| 040 |
_aCDMR _bcat _cCDMR |
||
| 245 | 0 | _aJeanloup Sieff pour la liberté de la presse | |
| 260 |
_c2005 _bReporters Sans Frontières |
||
| 942 | _cMON | ||
| 999 |
_c4942 _d4942 |
||